000 00190 a2200097 4500
001 26565
100 _aClifford F
245 _aOverdue
260 _a
_bAodder
_c1977
090 _c17862
_d17862
942 _aNUST-CAE
_cM
_c8738
999 _c261638
_d261638